Pabellón de México (Record no. 20225)
[ view plain ]
| 000 -CABECERA | |
|---|---|
| campo de control de longitud fija | 01911nam a2200397 4500 |
| 003 - IDENTIFICADOR DEL NÚMERO DE CONTROL | |
| campo de control | OSt |
| 005 - FECHA Y HORA DE LA ÚLTIMA TRANSACCIÓN | |
| campo de control | 20260601171005.0 |
| 008 - DATOS DE LONGITUD FIJA--INFORMACIÓN GENERAL | |
| campo de control de longitud fija | 260508b2000\\\\MX\|||||\||||\00|\0\eng\d |
| 040 ## - FUENTE DE LA CATALOGACIÓN | |
| Centro catalogador/agencia de origen | ICI |
| Lengua de catalogación | SPA |
| Centro/agencia transcriptor | ICI |
| 041 ## - CÓDIGO DE LENGUA | |
| Código de lengua del texto/banda sonora o título independiente | SPA/ENG |
| 050 ## - SIGNATURA TOPOGRÁFICA DE LA BIBLIOTECA DEL CONGRESO | |
| Número de clasificación | NA687 |
| Número de documento/Ítem | P33 |
| 100 #1 - ENTRADA PRINCIPAL--NOMBRE DE PERSONA | |
| Nombre de persona | Fideicomiso Expo Hannover 2000 |
| 9 (RLIN) | 32013 |
| 245 #1 - MENCIÓN DE TÍTULO | |
| Título | Pabellón de México |
| Resto del título | Expo 2000 Hannover / |
| Mención de responsabilidad, etc. | Fideicomiso Expo Hannover 2000 ; coordinación editorial, María Ángeles González ; producción fotográfica y cuidado de edición, Manolo Tius Caso ; textos, Gabriel Figueroa Flores, Rafael Doniz, José Antonio Mendizábal, Marco Aurelio Torres ; fotografía, Rocío Mireles ; diseño, David Castledine ; English translation, [traductor no identificado]. |
| 264 ## - PRODUCCIÓN, PUBLICACIÓN, DISTRIBUCIÓN, FABRICACIÓN Y COPYRIGHT | |
| Producción, publicación, distribución, fabricación y copyright | México : |
| Nombre del de productor, editor, distribuidor, fabricante | Fideicomiso Expo Hannover 2000, |
| Fecha de producción, publicación, distribución, fabricación o copyright | 2000. |
| 300 ## - DESCRIPCIÓN FÍSICA | |
| Extensión | 50 páginas |
| Otras características físicas | ilustraciones a color, fotografías |
| 336 ## - TIPO DE CONTENIDO | |
| Término de tipo de contenido | texto |
| Fuente | rdacontent |
| 337 ## - TIPO DE MEDIO | |
| Nombre/término del tipo de medio | sin medio |
| Fuente | rdamedia |
| 338 ## - TIPO DE SOPORTE | |
| Nombre/término del tipo de soporte | volumen |
| Fuente | rdacarrier |
| 500 ## - NOTA GENERAL | |
| Nota general | Catálogo y memoria documental del Pabellón de México presentado en la Expo 2000 Hannover. |
| 611 ## - PUNTO DE ACCESO ADICIONAL DE MATERIA--NOMBRE DE REUNIÓN/CONGRESO | |
| Nombre de congreso/reunión o jurisdicción como elemento de entrada | Expo Hannover |
| 9 (RLIN) | 32014 |
| 650 ## - PUNTO DE ACCESO ADICIONAL DE MATERIA--TÉRMINO DE MATERIA | |
| Término de materia o nombre geográfico como elemento de entrada | Pabellones de exposiciones |
| Subdivisión geográfica | México. |
| 9 (RLIN) | 32015 |
| 650 ## - PUNTO DE ACCESO ADICIONAL DE MATERIA--TÉRMINO DE MATERIA | |
| Término de materia o nombre geográfico como elemento de entrada | Arquitectura mexicana contemporánea. |
| 9 (RLIN) | 32016 |
| 650 ## - PUNTO DE ACCESO ADICIONAL DE MATERIA--TÉRMINO DE MATERIA | |
| Término de materia o nombre geográfico como elemento de entrada | Exposiciones universales |
| Subdivisión geográfica | Alemania, Hannover. |
| 9 (RLIN) | 32017 |
| 650 ## - PUNTO DE ACCESO ADICIONAL DE MATERIA--TÉRMINO DE MATERIA | |
| Término de materia o nombre geográfico como elemento de entrada | Diseño arquitectónico |
| Subdivisión geográfica | México. |
| 9 (RLIN) | 32018 |
| 650 ## - PUNTO DE ACCESO ADICIONAL DE MATERIA--TÉRMINO DE MATERIA | |
| Término de materia o nombre geográfico como elemento de entrada | Identidad nacional en la arquitectura. |
| 9 (RLIN) | 32019 |
| 650 ## - PUNTO DE ACCESO ADICIONAL DE MATERIA--TÉRMINO DE MATERIA | |
| Término de materia o nombre geográfico como elemento de entrada | Arquitectura efímera. |
| 700 ## - PUNTO DE ACCESO ADICIONAL--NOMBRE DE PERSONA | |
| Nombre de persona | González, María Ángeles |
| Término indicativo de función/relación | coordinadora editorial. |
| 9 (RLIN) | 32021 |
| 700 ## - PUNTO DE ACCESO ADICIONAL--NOMBRE DE PERSONA | |
| Nombre de persona | Tius Caso, Manolo, |
| Término indicativo de función/relación | editor, fotógrafo. |
| 9 (RLIN) | 32022 |
| 700 ## - PUNTO DE ACCESO ADICIONAL--NOMBRE DE PERSONA | |
| Nombre de persona | Figueroa Flores, Gabriel |
| Término indicativo de función/relación | autor. |
| 9 (RLIN) | 5619 |
| 700 ## - PUNTO DE ACCESO ADICIONAL--NOMBRE DE PERSONA | |
| Nombre de persona | Doniz, Rafael, |
| Término indicativo de función/relación | autor. |
| 9 (RLIN) | 32023 |
| 700 ## - PUNTO DE ACCESO ADICIONAL--NOMBRE DE PERSONA | |
| Nombre de persona | Mendizábal, José Antonio, |
| Término indicativo de función/relación | autor. |
| 9 (RLIN) | 32024 |
| 700 ## - PUNTO DE ACCESO ADICIONAL--NOMBRE DE PERSONA | |
| Nombre de persona | Torres, Marco Aurelio, |
| Término indicativo de función/relación | autor. |
| 9 (RLIN) | 32025 |
| 700 ## - PUNTO DE ACCESO ADICIONAL--NOMBRE DE PERSONA | |
| Nombre de persona | Mireles, Rocío, |
| Término indicativo de función/relación | fotógrafa. |
| 9 (RLIN) | 32026 |
| 700 ## - PUNTO DE ACCESO ADICIONAL--NOMBRE DE PERSONA | |
| Nombre de persona | Castledine, David, |
| 9 (RLIN) | 32027 |
| 942 ## - ELEMENTOS DE PUNTO DE ACCESO ADICIONAL (KOHA) | |
| Fuente del sistema de clasificación o colocación | Library of Congress Classification |
| Tipo de ítem Koha | Libros |
| Suprimir en OPAC | 1 |
No items available.